| 000 | 00333nam a2200133 i 4500 | ||
|---|---|---|---|
| 001 | bg | ||
| 100 | 1 | _aLISOWSKI, A. | |
| 245 | 0 |
_aObliczanie konstrukcji na ciągłym podłożu sprężystym / _cA. Lisowski. |
|
| 260 |
_aWarszawa, _c1974. |
||
| 040 | _cBPK | ||
| 041 | _apol | ||
| 942 | _cKS | ||
| 008 | s pl f |000 0 pol | ||
| 999 |
_c4883 _d4883 |
||
| 856 |
_uhttp://koha.tu.koszalin.pl/cgi-bin/koha/opac-detail.pl?biblionumber=4883 _yKatalog online BPK |
||